Bohaterowie Blok Ekipy Bartosza Walaszka - Statystyki

Ogólne statystyki
  • Ten quiz został rozwiązany 130 razy
  • Średni wynik to 24 z 66
Statystyki odpowiedzi
Podpowieź Bohater % Poprawnych
Główny bohater, mięśnie Adrian SPEJSON Puchacki
100%
Główny bohater, mózg Waldemar WALO Walasik
99%
Główny bohater, prawo jazdy i samochód Wojciech WOJTAS Puczyk
97%
Największy wróg głównych bohaterów, konkurent umięśnionego głównego bohatera Paweł CIEŚLAK Ciesielski
96%
Piosenkarz, jego piosenki to np. Ciuralla czy HWDP JP100% Bartłomiej CJALIS Walaszczak
94%
Konfident, wróg prawie każdego człowieka na Grochowie Bastian RUDY Obsztyfitykultykiewicz
82%
Panna lekkich obyczajów, otyła, kocha solarium Jowita SOLARIS Ciesielska
82%
Pierdzący Pierdziel Wiesław Paleta
76%
Przyjaciółka wyżej wymienionej Mariola ŁYSA Łysik
74%
Ojciec głównego umięśnionego bohatera Wiesław PAN WIESIO Puchacki
73%
Matka umięśnionego głównego bohatera Grażyna Puchacka
71%
Wróg głównych bohaterów, był we więzieniu, postrzelił listonosza Łukasz KOŁACINA Kołaciński
68%
Członek zespołu Figo_____, ziomeczki zabrali go z Wrocławia Fagot
62%
Były prezydent, czasami pije z głównymi bohaterami Aleksander Kwaśniewski
61%
Siostra głównego bohatera posiadającego samochód Jowita SIORKA WOJTASA Puczyk
52%
Podczas pobytu matki w sanatorium robił imprezę, na którą wpuszczał tylko z butelką Whisky Dziki
48%
Żona pierdzącego pierdziela Halina Paleta
45%
Córka Solaris i Cieślaka Jessica
45%
Rozumiał mowę zwierząt (po przekroczeniu dwóch promili alkoholu we krwi) Doktor Dolitr
44%
Wróg ziomeczków, policjant, w młodości gnębił jednego z głównych bohaterów Buda
43%
Postać rzeczywista, chciała kebaba, zamiast tego zjadła swojego przyjaciela Dorota Wellman
43%
Syn Solaris i Cieślaka Justin
41%
Raper, przegrał freestylową bitwę grochowską z jednym z głównych bohaterów, znaleziony na dnie rzeki w barce McGołąb
40%
Bardzo otyły mężczyzna, były diler, brał udział w gali MMA, pracował w pizzerii Mussolini Maciej MACIORA Maciejewski
39%
Właściciel Speluno w śnie głównego (mądrego) bohatera Bartosz Walaszek
36%
Raper, ziomeczki chcieli wejść na jego koncert z podrobionymi biletami, zrobili sobie z nim zdjęcie, gdy ten srał Gratis LPG
34%
Zgwałciła głównego (kierowcę) bohatera, bardzo otyła Gruba Paula
34%
Zagioniony kuzyn Spejsona, mają tego samego ojca Lodołamacz
33%
Prowadzący m.in Mister Grochowa, czy MMA Grochów Speluno Witold Śruta
33%
Postać rzeczywista, przez niego prawie zamknięto Speluno, gdyż wypił cały alkohol klubu. Obiecał odpuścić tylko gdy ktoś go przepije Sławomir Peszko
32%
Największy ojca wróg głównego (mądrego) bohatera Bogdan Rekin
31%
Wspólnik wyżej wymienionego Kamil Grosicki
31%
Odpowiednik Spejsona w Lechu Poznań Pyra
29%
Odpowiednik Wala w Arce Gdynii Pisior (Kobra)
27%
Prowadził w piwnicy plantację marihuany, przebierał się za diabła, aby jej nie znaleziono Stulej
27%
Zaatakował w nocy głównego bohatera przestawiającego znak, pociął mu bluzę kataną tworząc wulgarny napis Grochowski Ninja
26%
Ojciec głównego (mądrego) bohatera Czesław Walasik
25%
Obwatel Ukrainy, konkurent ojca Spejsona Sasza Feszczuk
25%
Poinformował ziomeczków, że złamali zasady paktu "Scyzoryk" Król Hip-Hopu
22%
Wróg wyżej wymienionego Król Metalu
22%
Rządzi w Mielnie, ziomeczki ukradli mu pluszowe foki Okoń
22%
Ciotka głównego (umięśnionego) bohatera, z USA Bożena
20%
Policjant, chciał od Wojtasa łapówkę na hot doga dla wspólniczki, która potem miała "zrobić mu dobrze" Parówczak
20%
Ochroniarz Speluno, Brał udział w Siłaczach Grochowa Robert Sagan
19%
Żona prowadzącego m.in. Mister Grochowa Grażyna Śruta
18%
Kierowca Seicento, dostarczyciel pizzy, ścigał się podczas pracy w nielegalnym wyscigu Kubasiewicz
18%
Odpowiednik Wala w Lechu Poznań Malutki
18%
Uczestnik I gali MMA, pokonany przez Spejsona, praski dresiarz, otyły Mateusz MATI Zagnojny
18%
Odpowiednik Wojtasa w Lechu Poznań Moszna
18%
Kompan wyżej wymienionego Łysy
17%
Była wygraną w programie Wojtas Szuka Żony Marianna Sławojka
17%
Była dziewczyna Wojtasa, uderzyła go torebką podczas akcji, ponieważ oszukał ją, pisząc, że śpi (stracił przytomność) Samanta
17%
Syn pierdzącego pierdziela Patryk Paleta
16%
Była dziewczyna głównego mądrego bohatera, została przez niego obrzygana na rocznicy rodziców Asia
14%
Leśniczy, przebrał się za tirówkę, z jego usług skorzystał Walu Nadleśniczy Kulaś
14%
Jeden z dwóch gości z Ursynowa, którzy kroili lamusów na dzielni ziomeczków, mądry (trochę mądry) Parówa
13%
Zatrzymany przez Straż Obywatelską za palenie tytoniu w miejscu publicznym Sławomir Kuśmierczyk
13%
Transwestyta, z którym stosunek chciał uprawiać Spejson Tralalala
13%
Potwór z nieudanego eksperymentu, ziomeczki nazywali go Shrekiem Piekielny Żołnierz
9%
Brał mongolską metę, dał głównemu (kierowcy) bohaterowi za podwózkę fałszywe 100 zł Luta
8%
Szef z warsztatu Wala Pan Marek
8%
Zdradzała męża z Panem WIesiem, który musiał schować się w szafie Teresa Trociniak
8%
Babcia Spejsona Jadwiga
5%
Oszukał Wala, na marihuanę, a ten dał mu fałszywe pieniądze (dwa razy) Siwy
4%
Wspólnik konfidenta w Straży Obywatelskiej Społecznik
3%
Człowiek, z którym główny (kierowca) bohater się ścigał. Przegrany pisał na grupie gratulacje dla wygranego, jeździł żółtym Mercedesem klasy A Hydraulik
2%
Nie znaleziono quizów pasujących do podanych kryteriów
Rozkład punktacji
Procent ludzi z każdym wynikiem
Percentyl według liczby udzielonych odpowiedzi
Twoja historia wyników
Nie rozwiązałeś tego quizu